| 000 | 00433pab a2200169 454500 | ||
|---|---|---|---|
| 008 | 180718b2007 xxu||||| |||| 00| 0 eng d | ||
| 100 | _aKurian, V. Mathew | ||
| 245 | _aFinancial liberalisation and the Third World: a study with special reference to India | ||
| 260 | _c2007 | ||
| 300 | _ap.7-10. | ||
| 362 | _a3 Mar | ||
| 650 | _aFinance - India | ||
| 650 | _aFinance | ||
| 773 | _aMainstream | ||
| 908 | _aN | ||
| 909 | _a73416 | ||
| 999 |
_c73416 _d73416 |
||